Ekonomická reforma po prvém roce realizace.
Hlavné systémové zmeny. Dosiahnuté ekonomické výsledky a reakcie hospodárskej politiky. Rekapitulácia základných vývojových tendencií. Súhrnné poznatky vyplývajúce z hodnotenia ekonomických výsledkov. Čiastkové konkrétne poznatky. Poučenia z prvého roka transformácie.
Salvato in:
| Autore principale: | |
|---|---|
| Natura: | Capitolo di libro |
| Lingua: | ceco |
| Soggetti: | |
| Tags: |
Nessun Tag, puoi essere il primo ad aggiungerne!!
|
MARC
| LEADER | 00000naa a2200000 4500 | ||
|---|---|---|---|
| 001 | r009693 | ||
| 005 | 20220831084618.7 | ||
| 041 | 0 | |a cze | |
| 044 | |a [CS] | ||
| 245 | 1 | 0 | |a Ekonomická reforma po prvém roce realizace. |c J. Ulip |
| 520 | |a Hlavné systémové zmeny. Dosiahnuté ekonomické výsledky a reakcie hospodárskej politiky. Rekapitulácia základných vývojových tendencií. Súhrnné poznatky vyplývajúce z hodnotenia ekonomických výsledkov. Čiastkové konkrétne poznatky. Poučenia z prvého roka transformácie. | ||
| 610 | 2 | 0 | |a reformy hospodárske |
| 610 | 2 | 0 | |a politika hospodárska |
| 610 | 2 | 0 | |a transformácia |
| 610 | 2 | 0 | |a ČSFR |
| 610 | 2 | 0 | |a 1991 |
| 610 | 2 | 0 | |a zmeny štruktúrne |
| 610 | 2 | 0 | |a výsledok hospodársky |
| 100 | 1 | |a Ulip, J. | |